| 000 | 00828nam a2200313Ia 4500 | ||
|---|---|---|---|
| 001 | 4491 | ||
| 005 | 20240113233739.0 | ||
| 007 | ta | ||
| 008 | 050613s1993 a g b000 u asm u | ||
| 020 | _a81-7331-011-4 | ||
| 040 | _aCotton College,Assam | ||
| 041 | _aasm | ||
| 082 |
_a301.208 _bPa 13 As |
||
| 100 | _aPadun, Nahendra . | ||
| 245 | 0 |
_aAsamiya Sanskritilai Janajatiya Barangani / _cNahendra Padun. _hTextual Documents |
|
| 250 | _a2nd ed. / | ||
| 260 |
_aGuwahati : _bLawyer`s book stall , _c1993. |
||
| 300 |
_a130p. : _bill ; _c22cm . |
||
| 653 | _aCulture-Assam | ||
| 653 | _aAssamese Folk Culture | ||
| 653 | _aFolklore-Assam | ||
| 653 | _aPG-Assamese | ||
| 653 | _aG-Sociology | ||
| 942 |
_2ddc _cBK |
||
| 999 |
_c4478 _d4478 |
||